|
|
|
|
| LEADER |
01303nam a2200361 i 4500 |
| 001 |
001842994 |
| 003 |
CZ BrMZK |
| 005 |
20230207071305.0 |
| 007 |
ta |
| 008 |
221212s1997 xr a e f 001 0 cze |
| 015 |
|
|
|a cnb000210239
|
| 020 |
|
|
|a 80-238-2480-5
|q (v knize neuvedeno ;
|q brožováno)
|
| 035 |
|
|
|a (OCoLC)38853727
|
| 040 |
|
|
|a ABA001
|b cze
|d BOA001
|e rda
|
| 072 |
|
7 |
|a 641
|x Kuchařství. Potraviny. Vařená jídla
|2 Konspekt
|9 19
|
| 080 |
|
|
|a 641.56(=411.16)
|2 MRF
|
| 080 |
|
|
|a (083.12)
|2 MRF
|
| 100 |
1 |
|
|a Janalík, František,
|d 1938-2007
|7 jk01050761
|4 aut
|
| 245 |
1 |
0 |
|a Tajemství židovské kuchyně /
|c František Janalík, Jiří Marhold
|
| 264 |
|
1 |
|a V Praze :
|b První česká reklamní společnost, s.r.o.,
|c 1997
|
| 300 |
|
|
|a 126 stran :
|b ilustrace ;
|c 21 cm
|
| 336 |
|
|
|a text
|b txt
|2 rdacontent
|
| 337 |
|
|
|a bez média
|b n
|2 rdamedia
|
| 338 |
|
|
|a svazek
|b nc
|2 rdacarrier
|
| 500 |
|
|
|a Název z obálky
|
| 500 |
|
|
|a Terminologický slovník
|
| 650 |
0 |
7 |
|a židovská jídla
|7 ph127989
|2 czenas
|
| 655 |
|
7 |
|a kuchařské recepty
|7 fd132687
|2 czenas
|
| 700 |
1 |
|
|a Marhold, Jiří,
|d 1932-
|7 mzk2002147918
|4 aut
|
| 910 |
|
|
|a BOA001
|b 2-1498.485
|
| 990 |
|
|
|a BK
|
| 991 |
|
|
|b 202302
|
| 996 |
6 |
|
|b 2610925145
|c 2-1498.485
|l MZK
|r Sklad / do 1 hodiny
|n 0
|p dar
|w 001908903
|u 000010
|a 1
|e BOA001
|j MZK50
|s P
|